| 000 | 01439nam a2200253Ia 4500 | ||
|---|---|---|---|
| 999 |
_c55042 _d55042 |
||
| 001 | 22117 | ||
| 003 | GE_BSU | ||
| 005 | 20221031172302.0 | ||
| 008 | 181216s ||||ge |||||||||||||| ||geo|| | ||
| 010 | _a999403166X 99928-65-11-3(სერია) | ||
| 040 | _cGE_BSU | ||
| 041 | _ageo | ||
| 080 | _a821.14'01.09-394 გ-70 | ||
| 100 |
_aგორდეზიანი, რისმაგ _915681 |
||
| 245 |
_aმითების სიბრძნე : _b დამხმ. სახელმძღვ. მოსწავლეთათვის / _cრისმაგ გორდეზიანი ; სერიის მთ. რედ. რისმაგ გორდეზიანი. |
||
| 264 |
_aთბილისი : _bპროგრამა ”ლოგოსი", _c2005. |
||
| 300 |
_a361 გვ. : _bილ. ; _c20 სმ. _eტაბ. |
||
| 490 | _aბერძნული მითების სამყარო პროგრამა "ლოგოსი" პუბლ. და ღონისძ. კლასიკ. ფილოლ., ბიზანტ. და ნეოგრეც. სფეროში | ||
| 541 | _h6ლ.90თ. | ||
| 653 | _aბერძნული ლიტერატურა | ||
| 653 | _aისტორია და კრიტიკა -- ბერძნული მითოლოგია | ||
| 653 | _aმითების სიბრძნე | ||
| 942 |
_cBK _2udc |
||